Rodinné podnikanie vo vybranej službe na Slovensku - rodinný penzión bakalárska práca
Guardado en:
| Autor principal: | |
|---|---|
| Autor Corporativo: | |
| Otros Autores: | |
| Formato: | Libro |
| Lenguaje: | eslovaco |
| Publicado: |
Bratislava
2011
|
| Etiquetas: |
Sin Etiquetas, Sea el primero en etiquetar este registro!
|
MARC
| LEADER | 00000nbm a2200000 4500 | ||
|---|---|---|---|
| 001 | 0131998 | ||
| 005 | 20161109111425.0 | ||
| 041 | 0 | |a slo | |
| 044 | |a SK | ||
| 245 | 1 | 0 | |a Rodinné podnikanie vo vybranej službe na Slovensku - rodinný penzión |b bakalárska práca |c Martin Havran ; školiteľ: Peter Filo |
| 264 | 1 | |a Bratislava |c 2011 | |
| 300 | |a 82 s. | ||
| 100 | 1 | |a Havran, Martin | |
| 700 | 1 | |a Filo, Peter | |
| 710 | 2 | |a Obchodná fakulta EU. Katedra marketingu | |